000 00767cam a22002531 4500
001 1225
003 BD-RjUL
005 20211208233309.0
008 131125s19631955enk 000 0 eng
035 _a(BD-RjUL)1247
035 _a(OCoLC)372994
040 _aDLC
_cODaWU
_dOCoLC
_dUk
_dDLC
_dBD-RjUL
_beng
041 _aeng
082 _a110
_bLAS 1963
100 1 _aLazerowitz, Morris,
_d1909-
_93623
245 1 4 _aThe structure of metaphysics /
_cWith a foreword by John Wisdom.
260 _aLondon :
_bRoutledge and Paul,
_c1963.
300 _axiii, 280 p. ;
_c22 cm.
650 0 _aMetaphysics.
_92787
942 _2ddc
_cBK
999 _c1225
_d1225